000 00277nam a22001337a 4500
008 170801b xxu||||| |||| 00| 0 eng d
020 _a9780764546556
041 _aeng
080 _a004
100 _a32
101 _aSHKI
245 _aI-NET+
_cBYRNE, J.J
942 _2udc
_cBK
999 _c22457
_d22457